| 000 | 00885nam a2200241 a 4500 | ||
|---|---|---|---|
| 001 | BRCA_697 | ||
| 005 | 20190320203118.0 | ||
| 008 | 850913s1980 mx-a---##c---f000-0#spa-# | ||
| 020 | _a9685828946 | ||
| 040 |
_aDLC _cDLC _dDLC |
||
| 041 | _aspaengfre | ||
| 050 | 4 |
_aNA756.A7 _b.P84 1980 |
|
| 245 | 1 | 0 | _aUna puerta al art decó. |
| 260 |
_aMéxico _bUNAM, Centro de Investigación y Servicios Museológicos _c1980 |
||
| 300 |
_a111 p. _bil. _c25 cm. |
||
| 500 | _aCatálogo de la exposición realizada en la Galería Universitaria Aristos, UNAM (Ciudad de México), agosto - octubre, 1980 | ||
| 504 | _aBibliografía: p. 94. | ||
| 546 | _aTexto en español, inglés y francés | ||
| 650 | 1 | 4 |
_aArt decó (Arquitectura) _vExposiciones _zMéxico _92300 |
| 650 | 1 | 4 |
_aArquitectura _vExposiciones _ySiglo XX _zMéxico _92301 |
| 710 | 2 |
_aGalería Universitaria Aristos _92302 |
|
| 942 |
_2lcc _cB |
||
| 999 |
_c603 _d603 |
||